[Event "Farum Fureso op+"]
[Site "Farum"]
[Date "2016.??.??"]
[Round "6"]
[White "Sorensen, Bernhard"]
[Black "Kholghi, Manouchehr"]
[Result "1-0"]
[WhiteElo "1670"]
[BlackElo "1525"]
[PlyCount "43"]
[EventDate "2016.??.??"]
[EventType "swiss"]
[EventRounds "6"]
[EventCountry "DEN"]
[SourceTitle "EXT 2024"]
[Source "ChessBase"]
[SourceDate "2023.10.10"]
[SourceVersion "1"]
[SourceVersionDate "2023.10.10"]
[SourceQuality "1"]

1. d4 Nf6 2. Bf4 d6 3. e3 a6 4. Nf3 h6 5. h3 g5 6. Bh2 g4 7. hxg4 Bxg4 8. Be2 Rg8 9. Nbd2 Nbd7 10. c3 Nb6 11. Qc2 d5 12. c4 dxc4 13. Nxc4 Nbd5 14. Rc1 e6 15. a3 Bf5 16. Bd3 Bxd3 17. Qxd3 Rxg2 18. Bg3 Ng4 19. Kf1 Nxf2 20. Bxf2 Rg6 21. Nce5 Rf6 22. Qe2 1-0